书目信息 |
| 题名: |
自适应滤波算法与实现
|
|
| 作者: | 迪尼斯, 著 ;刘郁林 译 | |
| 分册: | ||
| 出版信息: | 北京 电子工业出版社 2004 |
|
| 页数: | 12, 355页 | |
| 开本: | 26cm | |
| 丛书名: | 国外电子与通信教材系列 | |
| 单 册: | ||
| 中图分类: | O211.64 | |
| 科图分类: | ||
| 主题词: | 自适应滤波--滤波理论--教材 | |
| 电子资源: | ||
| ISBN: | 7-5053-9918-7 | |
| 000 | 01274nam 2200313 450 | |
| 001 | 0132623684 | |
| 005 | 20050925143807.92 | |
| 010 | @a7-5053-9918-7@dCNY39.00 | |
| 100 | @a20050315d2004 km y0chiy0120 ea | |
| 101 | 1 | @achi@ceng |
| 102 | @aCN@b110000 | |
| 105 | @aa a 000yy | |
| 200 | 1 | @a自适应滤波算法与实现@Azi shi ying lu bo suan fa yu shi xian@d= Adaptive filtering@ealgorithms and practical implementation@f(英) Paulo S. R. Diniz著@F(ying)Paulo S.R.Diniz zhu@g刘郁林等译@Gliu yu lin deng yi@zeng |
| 210 | @a北京@c电子工业出版社@d2004 | |
| 215 | @a12, 355页@c图@d26cm | |
| 225 | 2 | @a国外电子与通信教材系列 |
| 305 | @a据原书第2版译出 | |
| 306 | @a由Kluwer Academic Publishers授权出版 | |
| 314 | @a责任者 (Diniz) 规范汉译姓: 迪尼斯 | |
| 320 | @a有书目。 | |
| 330 | @a本书旨在揭示自适应滤波的理论基础,并讨论那些利用有限精度实现能够真正有效的算法,并提供了大量算法、例题、仿真结果等。 | |
| 410 | 0 | @12001 @a国外电子与通信教材系列 |
| 510 | 1 | @aAdaptive filtering@ealgorithms and practical implementation@zeng |
| 606 | 0 | @a自适应滤波@x滤波理论@x教材 |
| 690 | @aO211.64@v4 | |
| 701 | 1 | @a迪尼斯,@Adi ni si,@bP. S. R.@g(Diniz, Paulo S. R.)@4著 |
| 702 | 0 | @a刘郁林@Aliu yu lin@4译 |
| 801 | 0 | @aCN@bQSSK@c20050925 |
| 905 | @a10447@dO211.64@eD374 | |
| 自适应滤波算法与实现= Adaptive filtering:algorithms and practical implementation/(英) Paulo S. R. Diniz著/刘郁林等译.-北京:电子工业出版社,2004 |
| 12, 355页:图;26cm.-(国外电子与通信教材系列) |
| ISBN 7-5053-9918-7:CNY39.00 |
| 本书旨在揭示自适应滤波的理论基础,并讨论那些利用有限精度实现能够真正有效的算法,并提供了大量算法、例题、仿真结果等。 |
| ● |
| 相关链接 |
|
|
|
正题名:自适应滤波算法与实现
索取号:O211.64/D374
 
预约/预借
| 序号 | 登录号 | 条形码 | 馆藏地/架位号 | 状态 | 备注 |
| 1 | 572749 | 205727490 | 自科库401/401自科库 47排7列5层/ [索取号:O211.64/D374] | 在馆 | |
| 2 | 572750 | 205727506 | 数理学院资料室/ [索取号:O211.64/D374] | 在馆 | |
| 3 | 572751 | 205727515 | 自科库401/401自科库 47排7列5层/ [索取号:O211.64/D374] | 在馆 |